1870 1763 1077 1184 1309 1766 1098 1642 1688 1000 1625 1052 1903 1476 1363 1404 1765 1782 1465 1077 1273 1356 1470 1026 1064 1582 1657 1997 1724 1063 1307 1320 1636 1914 1068 1874 1834 1713 1228 1461 1766 1982 1677 1983 1450 1489 1514 1830 1911 1249 1734 1319 1354 1871 1771 1876 1375 1960 1836 1453 1989 1043 1751 1653 1616 1639 1025 1917 1991 1963 1119 1298 1696 1546 1200 1818 1941 1693 1735 1352 1247 1701 1951 1653 1405 1703 1453 1018 1260 1681 1564 1650 1360 1196 1687 1447 1540 1206 1765 BCNSPRNW ULIB Ver.6.0+V

เปลี่ยนเป็นภาษาไทย

Change to English
 แสดงรายละเอียดบรรณานุกรม
  กลับหน้าหลัก

Brief Record : Get Marc (ISO 2709) : E-mail record : QR code < ปิดหน้าต่าง
LEADER : 00000nam 2200000uu 4500
001    13399122769
003     ULIB
008    130917s2553||||th 000 0 tha d
020    ^a9786167013497
060    ^aWB460^bศ148ก
100 0  ^aศรวณี วงษ์คำ
245 00 ^aกายภาพบำบัดโรค/^cศรวณี วงษ์คำ
260    ^aกรุงเทพฯ :^bDดี,^c2553
300    ^a132 หน้า :^bภาพประกอบ ;^c21 ซม.
650  4 ^aกายภาพบำบัดโรค
650  7 ^aปวดเข่า
650  7 ^aปวดข้อ
945    ^p195^l0^i20218
945    ^p195^l0^i20219
945    ^p195^l0^i20220
999    ^aทศพร เกษรทอง
รายการนี้ยังไม่มีแท็ก
คุณยังไม่ได้ล็อกอิน คุณสามารถมีกิจกรรมร่วมกับเว็บไซต์ได้ แต่ต้องล็อกอินก่อน ::
  ล็อกอิน

รายการสื่อสารสนเทศ

ลำดับที่ ประเภท เลขเรียก/บาร์โค้ด สถานที่ สถานะ
1. วิทยาศาสตร์การแพทย์ และสุขภาพ
วิทยาศาสตร์การแพทย์ และสุขภาพ
สถานะ=หนังสือเก่า
WB460 ศ148ก ฉ.1 
  Barcode: 20218
ห้องสมุดวิทยาเขตนครสวรรค์
►ส่วนจัดเก็บหนังสือเก่า นว.
บนชั้น
  ขอยืม
2. วิทยาศาสตร์การแพทย์ และสุขภาพ
วิทยาศาสตร์การแพทย์ และสุขภาพ
สถานะ=หนังสือเก่า
WB460 ศ148ก ฉ.2 
  Barcode: 20219
ห้องสมุดวิทยาเขตนครสวรรค์
►ส่วนจัดเก็บหนังสือเก่า นว.
บนชั้น
  ขอยืม
3. วิทยาศาสตร์การแพทย์ และสุขภาพ
วิทยาศาสตร์การแพทย์ และสุขภาพ
สถานะ=หนังสือเก่า
WB460 ศ148ก ฉ.3 
  Barcode: 20220
ห้องสมุดวิทยาเขตนครสวรรค์
►ส่วนจัดเก็บหนังสือเก่า นว.
บนชั้น
  ขอยืม

รายการใกล้เคียง
    ผู้แต่ง [ศรวณี วงษ์คำ]

    หัวเรื่อง [กายภาพบำบัดโรค]
    หัวเรื่อง [ปวดเข่า]
    หัวเรื่อง [ปวดข้อ]

BibComment


ยังไม่เคยถูกคอมเมนท์

คอมเมนท์ทรัพยากรรายการนี้
  คอมเมนท์: กายภาพบำบัดโรค ศ..


 Copyright 2026. Bcnsprnw @Library